• 首页
  • 本馆介绍
  • 公告通知
  • 最新文献
  • 馆藏检索
  • 电子资源
  • 读者导购
  • 参考咨询
  • 我的图书馆
  • 登录
  • 详细信息显示
  • 放入我的书架
  • 预约/预借图书
  • 作者相关作品
  • 分类相关作品
  • 丛书相关作品
  • 出版社相关作品

书目信息

  • 表格格式
  • 工作单格式
  • 卡片格式
题名:
亲爱的宝贝
    
 
作者: 黄珍 绘
分册:  
出版信息: 北京   北京联合出版公司  2015.10
页数: 1册
开本: 25×25cm
丛书名:
单 册:
中图分类: G610.8 , B842.6-49
科图分类:
主题词: 胎教--tai jiao--基本知识 , 绘画--hui hua--应用--心理压力--调节(心理学)--通俗读物
电子资源:
ISBN: 978-7-5502-5700-9
000 01287nam0 2200289 450
001 0105143320
005 20201105143350.0
010    @a978-7-5502-5700-9@dCNY49.90
100    @a20150920d2015 em y0chiy50 ea
101 1  @achi@ckor
102    @aCN@b110000
105    @aa z 000yy
106    @ar
200 1  @a亲爱的宝贝@Aqin ai de bao bei@dDear baby@e一本神奇的孕期减压胎教涂色书@f(韩)黄珍绘@g赵阳译@zeng
210    @a北京@c北京联合出版公司@d2015.10
215    @a1册@c图@d25×25cm
312    @a封底英文题名:Colouring book for happy pregnancy
330    @a本书是以胎教为主题的涂色书。作者将一个母亲怀胎十月、战胜各种艰辛生下孩子、喂奶、教育孩子等育儿场面画成一幅幅美丽的图画,妈妈们可以用手中的涂色笔将这些美丽的画面涂绘下来。这些画面温馨、有趣,特别能引起妈妈们的共鸣,能够起到很好的减压效果,同时对胎儿情绪、感情方面的发展也有很好的作用。
510 1  @aDear baby@ecolouring book for happy pregnancy@zeng
517 1  @a一本神奇的孕期减压胎教涂色书@Ayi ben shen qi de yun qi jian ya tai jiao tu se shu
606 0  @a胎教@Atai jiao@x基本知识
606 0  @a绘画@Ahui hua@x应用@x心理压力@x调节(心理学)@j通俗读物
690    @aG610.8@v5
690    @aB842.6-49@v5
701  0 @c(韩)@a黄珍@Ahuang zhen@4绘
801  0 @aCN@bBJSZM@c20201105
905    @b1262566-9@dG610.8@e1304@f4
    
    亲爱的宝贝=Dear baby:一本神奇的孕期减压胎教涂色书/(韩)黄珍绘/赵阳译.-北京:北京联合出版公司,2015.10
    1册:图;25×25cm
    
    
    ISBN 978-7-5502-5700-9:CNY49.90
    本书是以胎教为主题的涂色书。作者将一个母亲怀胎十月、战胜各种艰辛生下孩子、喂奶、教育孩子等育儿场面画成一幅幅美丽的图画,妈妈们可以用手中的涂色笔将这些美丽的画面涂绘下来。这些画面温馨、有趣,特别能引起妈妈们的共鸣,能够起到很好的减压效果,同时对胎儿情绪、感情方面的发展也有很好的作用。
●
相关链接 在E读中查询图书 在五车中查询图书 在当当中查询图书 在豆瓣中查询图书


正题名:亲爱的宝贝     索取号:G610.8/1304         预约/预借

序号 登录号 条形码 馆藏地/架位号 状态 备注
1 1262566   212625667   第一样本阅览室/ [索取号:G610.8/1304] 在馆    
2 1262567   212625676   教育系资料室/ [索取号:G610.8/1304] 在馆    
3 1262568   212625685   教育系资料室/ [索取号:G610.8/1304] 在馆    
4 1262569   212625694   第四借阅区/ [索取号:G610.8/1304] 在馆    
唐山师范学院图书馆 欢迎您!
大连网信软件有限公司© 版权所有